UBT Library

Economics for today / (Record no. 38976)

000 -LEADER
fixed length control field 00668cam a22002534a 4500
001 - CONTROL NUMBER
control field 13673674
005 - DATE AND TIME OF LATEST TRANSACTION
control field 20171215041757.0
008 - FIXED-LENGTH DATA ELEMENTS--GENERAL INFORMATION
fixed length control field 040802s2005 ohua b 001 0 eng
010 ## - LIBRARY OF CONGRESS CONTROL NUMBER
LC control number 2004111236
020 ## - INTERNATIONAL STANDARD BOOK NUMBER
International Standard Book Number 0324205716 (hbk.)
040 ## - CATALOGING SOURCE
Original cataloging agency DLC
Transcribing agency DLC
Modifying agency DLC
041 ## - LANGUAGE CODE
Language code of text/sound track or separate title eng
042 ## - AUTHENTICATION CODE
Authentication code pcc
043 ## - GEOGRAPHIC AREA CODE
Geographic area code n-us---
080 ## - UNIVERSAL DECIMAL CLASSIFICATION NUMBER
Universal Decimal Classification number 330 IRV
082 00 - DEWEY DECIMAL CLASSIFICATION NUMBER
Classification number 330 IRV
100 1# - Rafti
Rafti 54
101 ## - Shkurtesa
Shkurtesa ECO
245 10 - TITLE STATEMENT
Title Economics for today /
Statement of responsibility, etc Irvin B. Tucker.
504 ## - BIBLIOGRAPHY, ETC. NOTE
Bibliography, etc Includes bibliographical references and index.
906 ## - LOCAL DATA ELEMENT F, LDF (RLIN)
a 7
b cbc
c orignew
d 2
e epcn
f 20
g y-gencatlg
942 ## - ADDED ENTRY ELEMENTS (KOHA)
Source of classification or shelving scheme
Item type Books
Holdings
Withdrawn status Lost status Source of classification or shelving scheme Damaged status Not for loan Permanent location Current location Date acquired Total Checkouts Full call number Barcode Date last seen Price effective from Koha item type
          UBT - Lipjan UBT - Lipjan 12/15/2017   330 IRV 002-2939150 12/15/2017 12/15/2017 Books
          UBT - Lipjan UBT - Lipjan 12/15/2017   330 IRV 002-2939127 12/15/2017 12/15/2017 Books
UBT Library © 2015-2024. All rights reserved University Education for Business and Technology